|
|
|
|
| LEADER |
00000nam a22000007a 4500 |
| 005 |
20140414230220.0 |
| 007 |
cr|||| |||| |
| 008 |
140414s2009 es |||||s|||| 00||0 spa d |
| 035 |
|
|
|a 11866
|
| 040 |
|
|
|a vLex
|
| 090 |
|
|
|c 4778
|d 4778
|
| 100 |
1 |
|
|a Portera, Ana Marzo
|
| 245 |
1 |
3 |
|a La Auditora̕ de Seguridad en la Proteccin̤ de Datos de Carc̀ter Personal
|h [Recurso electrn̤ico] /
|c Ana Marzo Portera, Alejandro Macho-Quevedo Přez-Victoria
|
| 256 |
|
|
|a Servicio en ln̕ea
|
| 260 |
|
|
|a Barcelona:
|b Ediciones Experiencia,
|c 2009
|
| 300 |
|
|
|a 1 recurso electrn̤ico
|
| 506 |
1 |
|
|a Disponible solo en los productos indicados
|d vLex Global
|d vLex Global (Academic Edition, excluding Law Schools)
|d vLex Global (U.S. Academic Edition, Law Schools)
|d vLex Global (U.S. Academic Edition, excluding Law Schools)
|d vLex Global (Academic Edition, Law Schools)
|
| 650 |
0 |
4 |
|a Proteccin̤ de datos
|z Espaą
|
| 700 |
1 |
|
|a Macho-Quevedo Přez-Victoria, Alejandro
|
| 740 |
0 |
|
|a vLex Libros (Servicio en ln̕ea)
|
| 856 |
4 |
0 |
|u http://vlex.com/source/aditoria-seguridad-proteccion-datos-caracter-personal-11866
|z Acceso restringido
|
| 942 |
|
|
|c BOOK
|
| 999 |
0 |
|
|a Privacy Policy
|